แสดงรายละเอียดบรรณานุกรม
  กลับหน้าหลัก

Brief Record : Get Marc (ISO 2709) : E-mail record : QR code ปิดหน้าต่าง
LEADER 00000nam 2200000uu 4500
008    131225s2555||||th 000 0 tha d
041 0  ^atha^beng
060  4 ^aวพ WC534 ป468ค 2555
100 0  ปรีชา ลากวงษ์
245 10 รายงานวิทยานิพนธ์ เรื่อง คุณภาพของการรายงานผู้ป่วยไข้เลือดออกในโรงพยาบาลของรัฐจังหวัดยโสธร /^cปรีชา ลากวงษ์
260    ^aขอนแก่น : ^bมหาวิทยาลัยขอนแก่น,^c2555
300    [ก]-ฎ, 106 หน้า :^bภาพประกอบ
502    วิทยานิพนธ์ (ส.ม.)--สาขาวิชาวิทยาการระบาด บัณฑิตวิทยาลัยมหาวิทยาลัยขอนแก่น, 2555
650  4 ไข้เลือดออก^xผู้ป่วย^xข้อมูล
650  4 ไข้เลือดออก^xการรักษา
650  4 ระบาดวิทยา
650  0 วิทยานิพนธ์
710 2  มหาวิทยาลัยขอนแก่น.^bบัณฑิตวิทยาลัย.^bสาขาวิชาวิทยาการระบาด
999    ^aใช้งานได้ทุกระบบ
รายการนี้ยังไม่มีแท็ก
คุณยังไม่ได้ล็อกอิน คุณสามารถมีกิจกรรมร่วมกับเว็บไซต์ได้ แต่ต้องล็อกอินก่อน ::
  ล็อกอิน
ลำดับที่ ประเภท เลขเรียก สถานที่ สถานะ
1. วิทยานิพนธ์
วิทยานิพนธ์
วพ WC534 ป468ค 2555  
  
ชั้นหนังสือวิทยานิพนธ์ On Shelf
  ขอยืม
   [แสดง 1/1 รายการ]

รายการใกล้เคียง
    หัวเรื่อง [ระบาดวิทยา]
    หัวเรื่อง [วิทยานิพนธ์]

BibComment


ยังไม่เคยถูกคอมเมนท์

คอมเมนท์ทรัพยากรรายการนี้
  คอมเมนท์: รายงานวิทยานิพนธ์..
Bib 209428

 
 
 

 Union Library Management : ULibM
Copyright 2026. All Rights Reserved.
скачать бесплатно без регистрации порно красивый секс HD Sex Hindi sex

xxx gou

xxxx

bfxxx

xxxwww

Секса Видео

xxxx

Секса Видео

detube

geilexxx

C99 Shell

worms shell

blod xxx video
Ebony Coed Rihanna Rimes Takes A Dick In Her Young Twat priyaa indian fuck anal and pusssy hardcore indian women xxx desi hardcore fucking part 1 bengalixxxcouple